Kings and Queens of England in Order - Click Quiz - Statistics

General Stats
  • This quiz has been taken 343 times
  • The average score is 23 of 45
Answer Stats
Hint Answer % Correct
1 - 1066–87 William I
94%
2 - 1087–1100 William II
88%
3 - 1100–35 Henry I
81%
5 - 1154–89 Henry II
74%
7 - 1199–1216 John
70%
6 - 1189–99 Richard I
70%
4 - 1135–54 Stephen
70%
9 - 1272–1307 Edward I
60%
8 - 1216–72 Henry III
60%
10 - 1307–27 Edward II
58%
11 - 1327–77 Edward III
58%
45 - 2022– Charles III
54%
12 - 1377–99 Richard II
54%
39 - 1837–1901 Victoria
53%
44 - 1952–2022 Elizabeth II
52%
14 - 1413–22 Henry V
52%
22 - 1509–47 Henry VIII
52%
24 - 1553–58 Mary I
52%
25 - 1558–1603 Elizabeth I
51%
13 - 1399–1413 Henry IV
51%
15 - 1422–61 Henry VI (1)
51%
26 - 1603–25 James I
50%
43 - 1936–52 George VI
47%
42 - 1936 Edward VIII
46%
21 - 1485–1509 Henry VII
46%
27 - 1625–49 Charles I
45%
16 - 1461–70 Edward IV (1)
45%
23 - 1547–53 Edward VI
45%
41 - 1910–36 George V
45%
20 - 1483–85 Richard III
45%
32 - 1689–1702 William III & Mary II
45%
36 - 1760–1820 George III
44%
40 - 1901–10 Edward VII
43%
33 - 1702–14 Anne
42%
30 - 1660–85 Charles II
42%
18 - 1471–83 Edward IV (2)
42%
34 - 1714–27 George I
42%
35 - 1727–60 George II
42%
17 - 1470–71 Henry VI (2)
42%
31 - 1685–88 James II
41%
37 - 1820–30 George IV
40%
38 - 1830–37 William IV
39%
28 - 1653–58 Oliver Cromwell (LP)
38%
29 - 1658–59 Richard Cromwell (LP)
37%
19 - 1483 Edward V
34%
No matching quizzes found
Score Distribution
Percent of People with Each Score
Percentile by Number Answered
Your Score History
You have not taken this quiz